[Event "Casino op 3rd"]
[Site "Velden"]
[Date "1995.??.??"]
[Round "1"]
[White "Higatsberger, Michael"]
[Black "Schindler, Walter"]
[Result "1-0"]
[WhiteElo "2192"]
[BlackElo "1660"]
[PlyCount "73"]
[EventDate "1995.06.30"]
[EventType "swiss"]
[EventRounds "9"]
[EventCountry "AUT"]
[SourceTitle "EXT 2022"]
[Source "ChessBase"]
[SourceDate "2021.10.06"]
[SourceVersion "1"]
[SourceVersionDate "2021.10.06"]
[SourceQuality "1"]

1. e4 e6 2. d4 d5 3. exd5 exd5 4. Nf3 c6 5. c4 Bg4 6. Qb3 Qb6 7. Qe3+ Be7 8. Nc3 Bxf3 9. Qxf3 Qxd4 10. cxd5 cxd5 11. Nxd5 Bb4+ 12. Nxb4 Qxb4+ 13. Bd2 Qe7+ 14. Be2 Nc6 15. Bc3 f6 16. 0-0-0 Qc7 17. Rhe1 Nge7 18. Bc4 Rd8 19. Qh5+ g6 20. Qh4 Rxd1+ 21. Rxd1 g5 22. Qh5+ Ng6 23. Bxf6 Qf4+ 24. Kb1 Qxf6 25. Qg4 Nge5 26. Qc8+ Nd8 27. Re1 Rf8 28. Bb5+ Kf7 29. Qc7+ Kg8 30. Rxe5 Kh8 31. Bd3 Rf7 32. Re8+ Kg7 33. Qxd8 Qxd8 34. Rxd8 Rxf2 35. Rd7+ Rf7 36. Rxf7+ Kxf7 37. Bxh7 1-0